[Event "Polanica Zdroj op-B 41st"]
[Site "Polanica Zdroj"]
[Date "2005.08.28"]
[Round "10"]
[White "Towgin, Piotr"]
[Black "Drazek, Wladyslaw"]
[Result "0-1"]
[WhiteElo "1800"]
[BlackElo "2064"]
[PlyCount "54"]
[EventDate "2005.08.19"]
[EventType "swiss"]
[EventRounds "10"]
[EventCountry "POL"]
[SourceTitle "CBM 108 Extra"]
[Source "ChessBase"]
[SourceDate "2005.11.04"]
[SourceVersion "1"]
[SourceVersionDate "2005.11.04"]
[SourceQuality "1"]

1. e4 c6 2. c4 d5 3. exd5 cxd5 4. d4 Nf6 5. Nc3 Nc6 6. Nf3 e6 7. Bd3 dxc4 8. Bxc4 Be7 9. 0-0 0-0 10. Re1 Qa5 11. Bd2 Qb6 12. Na4 Qc7 13. Rc1 Rd8 14. Qb3 Bd7 15. Nc5 Nxd4 16. Nxd4 Bxc5 17. Qc3 Qb6 18. Be3 Bb4 19. Qc2 Qa5 20. Red1 Rac8 21. Qe2 a6 22. Qf3 b5 23. Bd3 Rxc1 24. Bxc1 Qb6 25. Bg5 Be7 26. Qh3 e5 27. Bxf6 Bxf6 0-1